000 00853nam a2200253Ia 4500
003 OSt
005 20220926034722.0
006 a|||||r|||| 00| 0
007 ta
008 220923b |||||||| |||| 00| 0 eng d
020 _a9780470710586
_c4331.4300000000003
037 _bVMB/ 12-13/ 27, 25/07/2012, VARDHMAN
_cGeneral Book
040 _aRTL
_cRTL
_beng
041 _2eng
_aeng
082 _aX:(B), N8;Q1
100 _aSteland Ansgar
_9341030
245 0 _aFinancial statistics and mathmatical finance
_b Methods, models and applications
260 _aWest Sussex
_bJohn Wiley
_c2012
300 _axiv, 415p
_ccm.
500 _aBibliography chapterwise; Appendix: P 397-401
650 _aEconomics
942 _hX:(B), N8;Q1
_cGB
_2CC
999 _c660212
_d660212